Cabras (Record no. 107127)
[ view plain ]
| 000 -CABECERA | |
|---|---|
| campo de control de longitud fija | 01075nam a2200325 a 4500 |
| 001 - NÚMERO DE CONTROL | |
| campo de control | 000110665 |
| 003 - IDENTIFICADOR DEL NÚMERO DE CONTROL | |
| campo de control | CHAP |
| 005 - FECHA Y HORA DE LA ÚLTIMA TRANSACCIÓN | |
| campo de control | 20230323062615.0 |
| 008 - DATOS DE LONGITUD FIJA--INFORMACIÓN GENERAL | |
| campo de control de longitud fija | 140923s2005 ck |sf |||||||spa d |
| 010 ## - NÚMERO DE CONTROL DE LA BIBLIOTECA DEL CONGRESO | |
| Número de control de LC | 107127 |
| 011 ## - ENLACE DEL NUMERO DE CONTROL DE LA BIBLIOTECA DEL CONGRESO [OBSOLETO] | |
| Número de control de LC | 108099 |
| 040 ## - FUENTE DE LA CATALOGACIÓN | |
| Centro/agencia transcriptor | CHAP |
| 090 ## - LOCALMENTE ASIGNADO TIPO-LC NÚMERO DE CLASIFICACIÓN (OCLC); NÚMERO DE CLASIFICACIÓN LOCAL (RLIN) | |
| Número de clasificación (OCLC) (R) ; Numero de clasificación, CALL (RLIN) (NR) | CD-400 v.29 |
| 245 00 - MENCIÓN DE TÍTULO | |
| Título | Cabras |
| Medio | [DVD] |
| Resto del título | : manejo / |
| Mención de responsabilidad, etc. | por Fundación Hogares Juveniles Campesinos; coordinador Luis Carlos Muñoz. |
| 260 ## - PUBLICACIÓN, DISTRIBUCIÓN, ETC. | |
| Lugar de publicación, distribución, etc. | Bogotá, Col. : |
| Nombre del editor, distribuidor, etc. | Granita, |
| Fecha de publicación, distribución, etc. | 2005. |
| 300 ## - DESCRIPCIÓN FÍSICA | |
| Extensión | 1 DVD. |
| 490 1# - MENCIÓN DE SERIE | |
| Mención de serie | Videoteca del campo |
| -- | Granja Integral Autosuficiente |
| 590 ## - NOTA LOCAL (RLIN) | |
| Nota local | E6096MTM |
| Procedencia (VM) [OBSOLETO] | 05 |
| Condición del los carretes individuales (VM) [OBSOLETO] | 20140923 |
| -- | UCH01 |
| -- | 1446 |
| 590 ## - NOTA LOCAL (RLIN) | |
| Nota local | E6096MTM |
| Procedencia (VM) [OBSOLETO] | 05 |
| Condición del los carretes individuales (VM) [OBSOLETO] | 20140923 |
| -- | UCH01 |
| -- | 1451 |
| 590 ## - NOTA LOCAL (RLIN) | |
| Nota local | E6096MTM |
| Procedencia (VM) [OBSOLETO] | 05 |
| Condición del los carretes individuales (VM) [OBSOLETO] | 20140924 |
| -- | UCH01 |
| -- | 0854 |
| 590 ## - NOTA LOCAL (RLIN) | |
| Nota local | E6096MTM |
| Procedencia (VM) [OBSOLETO] | 05 |
| Condición del los carretes individuales (VM) [OBSOLETO] | 20140924 |
| -- | UCH01 |
| -- | 0859 |
| 650 14 - PUNTO DE ACCESO ADICIONAL DE MATERIA--TÉRMINO DE MATERIA | |
| Término de materia o nombre geográfico como elemento de entrada | Ganado cabrío. |
| 9 (RLIN) | 44988 |
| 650 14 - PUNTO DE ACCESO ADICIONAL DE MATERIA--TÉRMINO DE MATERIA | |
| Término de materia o nombre geográfico como elemento de entrada | Manejo del ganado. |
| 9 (RLIN) | 70363 |
| 700 1# - PUNTO DE ACCESO ADICIONAL--NOMBRE DE PERSONA | |
| Nombre de persona | Muñoz, Luis Carlos |
| Término indicativo de función/relación | coord. |
| 9 (RLIN) | 128382 |
| 710 2# - PUNTO DE ACCESO ADICIONAL--NOMBRE DE ENTIDAD CORPORATIVA | |
| Nombre de entidad corporativa o nombre de jurisdicción como elemento de entrada | Fundación Hogares Juveniles Campesinos |
| 9 (RLIN) | 128381 |
| 830 #0 - PUNTO DE ACCESO ADICIONAL DE SERIE-TÍTULO UNIFORME | |
| Título uniforme | Videoteca del campo |
| Nombre de parte o sección de la obra | Granja Integral Autosuficiente |
| Designación de volumen o secuencia | 28 |
| 9 (RLIN) | 128383 |
| 901 ## - ELEMENTOS DE DATOS A LOCAL LDA (RLIN) | |
| a | BK |
| 942 ## - ELEMENTOS DE PUNTO DE ACCESO ADICIONAL (KOHA) | |
| Tipo de ítem Koha | CD |
| 942 ## - ELEMENTOS DE PUNTO DE ACCESO ADICIONAL (KOHA) | |
| Suprimir en OPAC | 0 |
| Estado de retiro | Estado de pérdida | Estado dañado | Restricciones de uso | No para préstamo | Código de colección | Localización permanente | Ubicación/localización actual | Fecha de adquisición | Información codificada de la localización en otra ubicación | Total de préstamos | Signatura topográfica completa | Código de barras | Fecha visto por última vez | Precio válido a partir de | Tipo de ítem Koha | Nota pública |
|---|---|---|---|---|---|---|---|---|---|---|---|---|---|---|---|---|
| Préstamo interno2 | Excluido de préstamo | Material multimedia | Biblioteca Central | Biblioteca Central | 23/09/2014 | CD | CD-400 v.29 | 33724002426470 | 31/12/2019 | 31/12/2019 | CD | Recien adquirido |
